Sobre el futuro de la ciencia jurídico-penal alemana: apertura y método discursivo en lugar de provincianismo presuntuoso
Gorde:
| Egile nagusia: | |
|---|---|
| Formatua: | Liburua |
| Hizkuntza: | gaztelania |
| Argitaratua: |
Buenos Aires
Ad-Hoc
2016
|
| Edizioa: | 1a. ed |
| Saila: | Monografías Ad Hoc, 47
|
| Gaiak: | |
| Etiketak: |
Etiketa erantsi
Etiketarik gabe, Izan zaitez lehena erregistro honi etiketa jartzen!
|
MARC
| LEADER | 00000cam a2200000 a 4500 | ||
|---|---|---|---|
| 001 | UCD6312 | ||
| 003 | CL-VaPUC | ||
| 008 | 161201e20160000ag |||||||||||||||||spa|d | ||
| 020 | |a 9789877450521 | ||
| 082 | 0 | 4 | |a 345.43 |b AMB |2 21 |
| 100 | 0 | |a Ambos, Kai |e author |9 590104 | |
| 245 | 1 | 0 | |a Sobre el futuro de la ciencia jurídico-penal alemana: apertura y método discursivo en lugar de provincianismo presuntuoso |
| 250 | |a 1a. ed | ||
| 300 | |a 83 p | ||
| 942 | |c BK | ||
| 945 | |d 20161201 17:35:00 |a dcastane | ||
| 260 | |a Buenos Aires |b Ad-Hoc |c 2016 | ||
| 650 | 7 | |a DERECHO PENAL ALEMAN |2 CL-VaPUC |9 475643 | |
| 650 | 0 | |a Penas |9 255927 | |
| 650 | 0 | |a Delitos |9 224143 | |
| 583 | |a last modification |c 20161201 17:35:00 |k Rodrigo Vera | ||
| 490 | 0 | |a Monografías Ad Hoc, 47 | |
| 999 | |c 366667 |d 366665 | ||
| 952 | |0 0 |1 0 |2 ddc |3 erb |4 0 |6 345_430000000000000_AMB_2016 |7 0 |8 A |9 481109 |a BIBDER |b BIBDER |i 535272K |l 2 |o 345.43 AMB 2016 |p 535272K |r 2024-08-08 |s 2024-07-31 |w 2019-11-24 |y MX |z Catalogado en:20161201 |k DER | ||